[Event "POL-chT U19 40th"]
[Site "Chotowa"]
[Date "2009.07.??"]
[Round "8"]
[White "Kowalczyk, Adam"]
[Black "Popiol, Michal"]
[Result "0-1"]
[WhiteElo "1745"]
[BlackElo "1788"]
[PlyCount "88"]
[EventDate "2009.07.06"]
[EventType "team-tourn"]
[EventRounds "9"]
[EventCountry "POL"]
[SourceTitle "EXT 2012"]
[Source "ChessBase"]
[SourceDate "2011.11.24"]
[SourceVersion "1"]
[SourceVersionDate "2011.11.24"]
[SourceQuality "1"]
[WhiteTeam "Skierniewice KS Piatka U19"]
[BlackTeam "Trzebinia UKS Hetman Koronny U19"]
[WhiteTeamCountry "POL"]
[BlackTeamCountry "POL"]

1. e4 e6 2. d4 d5 3. Nd2 Nf6 4. e5 Nfd7 5. Bd3 c5 6. c3 Nc6 7. Ne2 cxd4 8. cxd4 f6 9. exf6 Nxf6 10. Nf3 Bd6 11. Bf4 0-0 12. Bg5 Qb6 13. Qb1 h6 14. Bxf6 Rxf6 15. 0-0 Bd7 16. Kh1 e5 17. Nc3 Qa5 18. dxe5 Nxe5 19. Nxe5 Bxe5 20. Qe1 Bc7 21. Rc1 Re8 22. Qd1 Bb8 23. Nxd5 Rd6 24. Nc3 Kh8 25. Qf3 Rf6 26. Qd5 Qc7 27. Qh5 Re5 28. Qh4 Qa5 29. h3 Bc6 30. f4 Re3 31. Bc2 Bxf4 32. Rxf4 g5 33. Ra4 Qxc3 34. bxc3 gxh4 35. Rc4 Rxh3+ 36. Kg1 Rg3 37. Ba4 b5 38. Bxb5 Bxb5 39. Rxh4 Kg7 40. Kh2 Rfg6 41. Rc2 Bc6 42. Rc4 Rxg2+ 43. Rxg2 Rxg2+ 44. Kh3 Rg6 0-1